Chrániť pilier právneho štátu V sobotu zložili sľub sudcovia Ústavného súdu

Bibliographic Details
Main Author: Gladiš, Marián, 1973- (Author)
Corporate Author: Slovensko. Ústavný súd (Author)
Format: Article
Language:Slovak
PhysicalDescription:1 obr.
Subjects:

MARC

LEADER 00000nab a2200000 a 4500
001 vtls000902991
003 SK-MaSNL
005 20260303170244.0
008 040720e20000124xo 0 slo
035 |a KE11961 
040 |a KEVKJB  |b slo  |c KEVKJB  |e AACR2 
041 0 |a slo 
044 |a xo  |c SK 
080 |a 347.991  |2 1981 
100 1 |a Gladiš, Marián,  |d 1973-  |4 aut  |9 143142 
245 1 0 |a Chrániť pilier právneho štátu  |b V sobotu zložili sľub sudcovia Ústavného súdu 
300 |b 1 obr. 
610 1 7 |a Slovensko.  |b Ústavný súd  |2 KEVKJB  |9 17010 
650 0 7 |a sudcovia noví  |2 KEVKJB  |9 880061 
650 0 7 |a sľub slávnostný  |2 KEVKJB  |9 888039 
650 0 7 |a zloženie  |2 KEVKJB  |9 742528 
650 0 7 |a informácie  |2 KEVKJB  |9 1285 
651 7 |a Košice (Slovensko)  |2 KEVKJB  |9 18694 
651 7 |a KE,  |2 KEVKJB  |9 877256 
655 7 |a periodikum  |2 snkbucl  |9 29553 
710 2 |a Slovensko.  |b Ústavný súd  |4 aut  |9 17010 
773 0 8 |t Košický večer  |g Roč. 11  |g Roč. 32, č.15, 24.1.2000, s. 1,3 
852 |a ZVYKNI  |b KIS3GCP 
999 |c 2076060  |d 2077990